[Event "ROM-ch U08"]
[Site "Eforie Nord"]
[Date "2022.04.14"]
[Round "5"]
[White "Pasca, Alexandru Daniel"]
[Black "Bostina, Vladimir Ioan"]
[Result "0-1"]
[WhiteElo "1128"]
[BlackElo "1158"]
[PlyCount "122"]
[EventDate "2022.04.11"]
[EventType "swiss"]
[EventRounds "9"]
[EventCountry "ROU"]
[SourceTitle "EXT 2023"]
[Source "ChessBase"]
[SourceDate "2022.10.05"]
[SourceVersion "1"]
[SourceVersionDate "2022.10.05"]
[SourceQuality "1"]

1. e4 c5 2. Nc3 d6 3. d4 cxd4 4. Qxd4 Nc6 5. Qd2 Bd7 6. b3 Nf6 7. Bb2 e5 8. 0-0-0 Be7 9. f3 0-0 10. Nb5 Ne8 11. Ba3 Bg5 12. Nxd6 Bxd2+ 13. Rxd2 Nxd6 14. Bxd6 Re8 15. Bc4 Na5 16. Bd5 Rc8 17. h4 Bc6 18. Bb4 Bxd5 19. Rxd5 Qc7 20. c3 Nc6 21. Bd6 Qb6 22. Bc5 Qa6 23. a3 Qf1+ 24. Rd1 Qxg2 25. Rh3 Rcd8 26. Rd5 Rxd5 27. exd5 b6 28. Be3 e4 29. dxc6 exf3 30. Rxf3 Rxe3 31. Rxe3 Qxg1+ 32. Kd2 g6 33. a4 Qh2+ 34. Ke1 Qxh4+ 35. Kd2 Qd8+ 36. Kc2 Qc8 37. b4 Qxc6 38. Kb3 h5 39. c4 h4 40. Kc3 Qc8 41. Kd4 h3 42. Re2 Qg4+ 43. Kd3 Qxe2+ 44. Kxe2 h2 45. Kf2 h1Q 46. Kg3 Qe4 47. Kf2 Qd3 48. Ke1 Qc2 49. Kf1 Qd2 50. c5 bxc5 51. bxc5 Qc2 52. Ke1 Qxc5 53. Kd2 Qa5+ 54. Kc2 Qxa4+ 55. Kb2 Qc4 56. Ka3 Qb5 57. Ka2 Qb4 58. Ka1 a5 59. Ka2 a4 60. Ka1 a3 61. Ka2 Qb2# 0-1

[Event "ROM-ch U08"]
[Site "Eforie Nord"]
[Date "2022.04.12"]
[Round "3"]
[White "Pasca, Alexandru Daniel"]
[Black "Varabiescu, Petru"]
[Result "1/2-1/2"]
[WhiteElo "1128"]
[BlackElo "1300"]
[PlyCount "112"]
[EventDate "2022.04.11"]
[EventType "swiss"]
[EventRounds "9"]
[EventCountry "ROU"]
[SourceTitle "EXT 2023"]
[Source "ChessBase"]
[SourceDate "2022.10.05"]
[SourceVersion "1"]
[SourceVersionDate "2022.10.05"]
[SourceQuality "1"]

1. e4 c6 2. d4 d5 3. Nc3 dxe4 4. Nxe4 Nf6 5. Ng5 Bg4 6. N5f3 e6 7. Bc4 Bd6 8. Be3 0-0 9. Qd2 b5 10. Bd3 a5 11. h3 Bh5 12. g4 Bg6 13. Ne2 Bxd3 14. Qxd3 Nbd7 15. Bf4 Qc7 16. Bxd6 Qxd6 17. Ng3 Nd5 18. Ng5 N7f6 19. Nh5 h6 20. Nxf6+ Nxf6 21. Nf3 Qb4+ 22. Qc3 Qxc3+ 23. bxc3 Ne4 24. c4 bxc4 25. Ne5 Rfd8 26. f3 Rxd4 27. Nxc6 Rd6 28. Ne5 Nd2 29. 0-0-0 c3 30. Nd3 Rb8 31. Rxd2 cxd2+ 32. Kxd2 Rb2 33. Kc3 Rbb6 34. Re1 a4 35. Re4 a3 36. Ra4 Ra6 37. Rb4 Rdb6 38. Rxb6 Rxb6 39. Nb4 Rb5 40. Kb3 Ra5 41. c4 Kf8 42. Nd3 Ke7 43. c5 Kd7 44. Ne5+ Ke8 45. Kb4 Ra7 46. c6 f6 47. Nc4 Ke7 48. Kb5 Kd8 49. Kb6 Re7 50. Nxa3 Kc8 51. Nb5 e5 52. c7 Re6+ 53. Kc5 Kb7 54. a4 Rc6+ 55. Kb4 Ka6 56. Nd6 Rxc7 1/2-1/2